| 000 | 00499cam a2200169 a 4500 | ||
|---|---|---|---|
| 020 | _a1607415852 (hardcover) | ||
| 020 | _a9781607415855 (hardcover) | ||
| 082 | 0 | 0 |
_a531 _bMAS _cL-38,p-118 |
| 100 |
_aMase, George E _947082 |
||
| 245 | 0 | 0 |
_aContinuum mechanics _cMase, George E |
| 260 |
_aNew York : _bSchaum's outline series, _c1970. |
||
| 300 |
_axi, 219 p. : _c27cm. |
||
| 500 | _aMCE | ||
| 526 |
_a0 _b1 _c0 _d531_000000000000000_MAS |
||
| 650 | 0 |
_aContinuum mechanics. _920066 |
|
| 942 |
_2ddc _cBK |
||
| 999 |
_c550385 _d550385 |
||